[Event "Dubai Police op-A"]
[Site "Dubai"]
[Date "2024.05.09"]
[Round "6"]
[White "Khamdamova, Afruza"]
[Black "Wang, Chuqiao"]
[Result "1-0"]
[WhiteElo "2275"]
[BlackElo "2289"]
[PlyCount "101"]
[EventDate "2024.05.04"]
[EventType "swiss"]
[EventRounds "9"]
[EventCountry "UAE"]
[SourceTitle "CB20_2024"]
[SourceDate "2024.05.16"]
[SourceVersion "1"]
[SourceVersionDate "2024.05.16"]
[SourceQuality "1"]

1. e4 e5 2. Nf3 Nc6 3. Bb5 a6 4. Ba4 Nf6 5. 0-0 Be7 6. Re1 b5 7. Bb3 d6 8. c3 0-0 9. h3 Bb7 10. d4 Re8 11. Nbd2 Bf8 12. a3 h6 13. Bc2 g6 14. b3 Bg7 15. Bb2 Qd7 16. d5 Ne7 17. c4 c6 18. Bd3 Nh5 19. Bf1 Nf4 20. Kh2 Rab8 21. g3 Nh5 22. Rb1 Nf6 23. Bg2 Bc8 24. Qc2 Nh7 25. Rbd1 cxd5 26. cxd5 Qa7 27. Nf1 Bd7 28. Ne3 Rbc8 29. Qd2 Rf8 30. Re2 f5 31. exf5 gxf5 32. Nc2 f4 33. Ncd4 Ng5 34. Nxg5 hxg5 35. g4 Ng6 36. Be4 Ne7 37. Nc6 Bxc6 38. dxc6 Rfd8 39. Bf3 Qc7 40. Bc3 Nxc6 41. Bd5+ Kh8 42. Be6 Rb8 43. Rc1 Qb6 44. Bd5 Rbc8 45. Be6 Rb8 46. Qe1 a5 47. Rec2 b4 48. axb4 Nxb4 49. Rd2 Re8 50. Bc4 Rbd8 51. Rcd1 1-0

[Event "Titled Tuesday intern op 30th Apr Early"]
[Site "Chess.com INT"]
[Date "2024.04.30"]
[Round "3"]
[White "Khamdamova, Afruza"]
[Black "Aravindh, Chithambaram VR"]
[Result "0-1"]
[WhiteElo "2300"]
[BlackElo "2662"]
[PlyCount "32"]
[EventDate "2024.04.30"]
[EventType "swiss (blitz)"]
[EventRounds "11"]
[EventCountry "USA"]
[SourceTitle "CB19_2024"]
[SourceDate "2024.05.08"]
[SourceVersion "1"]
[SourceVersionDate "2024.05.08"]
[SourceQuality "1"]

1. e4 g6 2. d4 Bg7 3. Nc3 d6 4. Be3 c6 5. f3 b5 6. Qd2 Nd7 7. Nge2 Nb6 8. Ng3 h5 9. h4 Nf6 10. 0-0-0 b4 11. Nb1 a5 12. f4 Ng4 13. Bg1 Be6 14. d5 cxd5 15. f5 Bh6 16. Bb5+ Bd7 0-1

[Event "Titled Tuesday intern op 30th Apr Early"]
[Site "Chess.com INT"]
[Date "2024.04.30"]
[Round "7"]
[White "Sahin, Sarp"]
[Black "Khamdamova, Afruza"]
[Result "0-1"]
[WhiteElo "2115"]
[BlackElo "2300"]
[PlyCount "94"]
[EventDate "2024.04.30"]
[EventType "swiss (blitz)"]
[EventRounds "11"]
[EventCountry "USA"]
[SourceTitle "CB19_2024"]
[SourceDate "2024.05.08"]
[SourceVersion "1"]
[SourceVersionDate "2024.05.08"]
[SourceQuality "1"]

1. d4 Nf6 2. Bf4 d5 3. e3 c5 4. c3 Nc6 5. Nd2 e6 6. Ngf3 Bd6 7. Bg3 0-0 8. Bd3 Qe7 9. 0-0 e5 10. dxe5 Nxe5 11. Nxe5 Bxe5 12. Bxe5 Qxe5 13. Nf3 Qe7 14. h3 h6 15. c4 Be6 16. Qe2 Rad8 17. cxd5 Bxd5 18. Bc4 Bc6 19. Rad1 a6 20. Nd2 b5 21. Bb3 Qb7 22. f3 c4 23. Bc2 Rfe8 24. e4 Nd5 25. Qf2 Nf4 26. Nb1 b4 27. Qe3 Qb8 28. Nd2 Bb5 29. Nb1 c3 30. Rfe1 cxb2 31. Rxd8 Rxd8 32. e5 Ne6 33. Qe4 g6 34. Qe3 Qc7 35. Qf2 Rc8 36. Be4 Qc1 37. Kh2 Kg7 38. g3 Ng5 39. e6 Nxe4 40. fxe4 Rc2 41. Re2 Rxe2 42. Qxe2 Bxe2 43. e7 Qc6 44. Nd2 Bd3 45. e5 Qe6 46. Nf3 b1Q 47. h4 Qexa2+ 0-1

[Event "Titled Tuesday intern op 30th Apr Early"]
[Site "Chess.com INT"]
[Date "2024.04.30"]
[Round "1"]
[White "Swiatlowski, Lukasz"]
[Black "Khamdamova, Afruza"]
[Result "0-1"]
[WhiteElo "2199"]
[BlackElo "2300"]
[PlyCount "96"]
[EventDate "2024.04.30"]
[EventType "swiss (blitz)"]
[EventRounds "11"]
[EventCountry "USA"]
[SourceTitle "CB19_2024"]
[SourceDate "2024.05.08"]
[SourceVersion "1"]
[SourceVersionDate "2024.05.08"]
[SourceQuality "1"]

1. Nf3 d5 2. g3 Nf6 3. Bg2 c5 4. d3 Nc6 5. 0-0 e5 6. Bg5 Be7 7. Nfd2 h6 8. Bxf6 Bxf6 9. Nc3 Be6 10. e4 d4 11. Nd5 0-0 12. c4 dxc3 13. bxc3 Bxd5 14. exd5 Ne7 15. Qf3 Nc8 16. a4 Be7 17. Rfe1 Bd6 18. Nc4 Qc7 19. a5 Ne7 20. h4 Rae8 21. Reb1 f5 22. Ra2 Nc8 23. Rab2 e4 24. dxe4 fxe4 25. Qe3 Qf7 26. Rxb7 Qxd5 27. Nd2 Qd3 28. Qxd3 exd3 29. Bf1 c4 30. Nxc4 Bc5 31. R7b2 Rf3 32. Kg2 Ref8 33. Kh3 Bxf2 34. Ne5 Rxg3+ 35. Kh2 Re3 36. Nxd3 Bxh4 37. Rg2 Nd6 38. a6 Ne4 39. Rb7 Bg3+ 40. Kh1 Rxf1+ 41. Rg1 Rxg1+ 42. Kxg1 Rxd3 43. Kg2 Rxc3 44. Rxa7 Ra3 45. Ra8+ Kh7 46. a7 Bf2 47. Kf1 Bxa7 48. Ke2 Nf6 0-1

[Event "Titled Tuesday intern op 30th Apr Early"]
[Site "Chess.com INT"]
[Date "2024.04.30"]
[Round "11"]
[White "Teterev, Vitaly"]
[Black "Khamdamova, Afruza"]
[Result "1-0"]
[WhiteElo "2257"]
[BlackElo "2300"]
[PlyCount "89"]
[EventDate "2024.04.30"]
[EventType "swiss (blitz)"]
[EventRounds "11"]
[EventCountry "USA"]
[SourceTitle "CB19_2024"]
[SourceDate "2024.05.08"]
[SourceVersion "1"]
[SourceVersionDate "2024.05.08"]
[SourceQuality "1"]

1. e4 e5 2. Nf3 Nc6 3. Bb5 a6 4. Bxc6 dxc6 5. 0-0 f6 6. d4 exd4 7. Nxd4 c5 8. Nb3 Qxd1 9. Rxd1 Be6 10. Bf4 Rc8 11. Nc3 Ne7 12. Nxc5 Kf7 13. Nxb7 Ng6 14. Be3 Ne5 15. b3 Ng4 16. Bc5 Be7 17. Bxe7 Kxe7 18. Nc5 Ne5 19. h3 a5 20. Nd5+ Bxd5 21. Rxd5 c6 22. Rd4 g5 23. Rad1 Rc7 24. Nd3 Nf7 25. Nb2 Ra8 26. a4 Ke6 27. Nc4 h5 28. g3 Raa7 29. f4 gxf4 30. gxf4 Ra8 31. Kf2 Rg8 32. Nxa5 c5 33. Rd5 h4 34. Nc4 Rcc8 35. Nd6 Rc7 36. f5+ Ke7 37. Nxf7 Kxf7 38. Rd7+ Rxd7 39. Rxd7+ Ke8 40. Rh7 Rg3 41. a5 Rxh3 42. a6 Rh2+ 43. Kf3 Rxc2 44. a7 Ra2 45. Rh8+ 1-0

[Event "UZB-ch (Women)"]
[Site "Tashkent"]
[Date "2024.04.27"]
[Round "16"]
[White "Orazmukhammedova, Makhim"]
[Black "Khamdamova, Afruza"]
[Result "0-1"]
[WhiteElo "1815"]
[BlackElo "2300"]
[PlyCount "44"]
[EventDate "2024.04.20"]
[EventType "tourn (rapid)"]
[EventRounds "17"]
[EventCountry "UZB"]
[SourceTitle "CB18_2024"]
[SourceDate "2024.05.01"]
[SourceVersion "1"]
[SourceVersionDate "2024.05.01"]
[SourceQuality "2"]

1. d4 Nf6 2. Nf3 d5 3. g3 e6 4. Bg2 c5 5. c4 dxc4 6. Qa4+ Nbd7 7. dxc5 Bxc5 8. Qxc4 a6 9. a4 b5 10. Qc2 Bb7 11. axb5 axb5 12. Rxa8 Qxa8 13. 0-0 Be4 14. Qc3 b4 15. Qc4 Bxb1 16. Nd2 Qa2 17. Qb5 Bg6 18. Bc6 Ke7 19. Bxd7 Nxd7 20. e4 Ra8 21. Qe2 Qa6 22. Qd1 Qd3 0-1

[Event "UZB-ch (Women)"]
[Site "Tashkent"]
[Date "2024.04.25"]
[Round "11"]
[White "Khamdamova, Afruza"]
[Black "Yakubbaeva, Nilufar"]
[Result "1/2-1/2"]
[WhiteElo "2300"]
[BlackElo "2293"]
[PlyCount "37"]
[EventDate "2024.04.20"]
[EventType "tourn (rapid)"]
[EventRounds "17"]
[EventCountry "UZB"]
[SourceTitle "CB18_2024"]
[SourceDate "2024.05.01"]
[SourceVersion "1"]
[SourceVersionDate "2024.05.01"]
[SourceQuality "2"]

1. e4 e5 2. Nf3 Nc6 3. Bb5 Nf6 4. 0-0 Nxe4 5. d4 Nd6 6. dxe5 Nxb5 7. a4 d6 8. e6 Bxe6 9. axb5 Ne5 10. Nd4 Be7 11. f4 Nc4 12. Qe2 Nb6 13. b3 0-0 14. Nxe6 fxe6 15. Qxe6+ Rf7 16. Bb2 Qd7 17. Qxd7 Nxd7 18. Nc3 Bf6 19. Nd1 1/2-1/2

[Event "UZB-ch (Women)"]
[Site "Tashkent"]
[Date "2024.04.24"]
[Round "10"]
[White "Saparova, Sitora"]
[Black "Khamdamova, Afruza"]
[Result "1/2-1/2"]
[WhiteElo "1754"]
[BlackElo "2300"]
[PlyCount "124"]
[EventDate "2024.04.20"]
[EventType "tourn (rapid)"]
[EventRounds "17"]
[EventCountry "UZB"]
[SourceTitle "CB18_2024"]
[SourceDate "2024.05.01"]
[SourceVersion "1"]
[SourceVersionDate "2024.05.01"]
[SourceQuality "2"]

1. e4 e5 2. Nf3 Nc6 3. Bc4 Nf6 4. d3 Bc5 5. c3 d6 6. 0-0 a6 7. Be3 Bxe3 8. fxe3 0-0 9. Bb3 Qe7 10. Qe1 Be6 11. Nh4 Bxb3 12. axb3 Qe6 13. Nd2 Rae8 14. Nf5 g6 15. Nh6+ Kg7 16. Qh4 Ng8 17. Nxg8 Rxg8 18. Nf3 h6 19. b4 Rgf8 20. Qg3 d5 21. Rf2 dxe4 22. dxe4 Qc4 23. Qh4 Re6 24. Raf1 Qd3 25. Re1 Rd6 26. Qg4 Qc4 27. Nd2 Qe6 28. Qxe6 Rxe6 29. Nb3 b6 30. Ra1 Nb8 31. Rd2 Kf6 32. c4 Ke7 33. Rad1 Rc8 34. Rd5 Nc6 35. b5 axb5 36. cxb5 Nd8 37. Nd2 f6 38. Nc4 Nf7 39. Rd7+ Ke8 40. R1d2 Re7 41. R7d5 Ng5 42. Rc2 Rd8 43. Nd2 Red7 44. Rxd7 Rxd7 45. Kf1 Ne6 46. Ke2 Ke7 47. Nb1 Rd6 48. Nc3 Kd7 49. Rc1 Nc5 50. Rf1 Nb3 51. g4 c6 52. bxc6+ Rxc6 53. Nd5 Rc2+ 54. Kd3 Rxh2 55. Rxf6 Nc5+ 56. Kc4 Rc2+ 57. Nc3 Rxb2 58. Rxg6 Rc2 59. Kb4 Rc1 60. Rxh6 Nd3+ 61. Kb3 Nc5+ 62. Kb4 Nd3+ 1/2-1/2

[Event "UZB-ch (Women)"]
[Site "Tashkent"]
[Date "2024.04.22"]
[Round "5"]
[White "Khamdamova, Afruza"]
[Black "Khalilova, Madinabonu"]
[Result "1-0"]
[WhiteElo "2300"]
[BlackElo "1968"]
[PlyCount "63"]
[EventDate "2024.04.20"]
[EventType "tourn (rapid)"]
[EventRounds "17"]
[EventCountry "UZB"]
[SourceTitle "CB18_2024"]
[SourceDate "2024.05.01"]
[SourceVersion "1"]
[SourceVersionDate "2024.05.01"]
[SourceQuality "2"]

1. e4 c5 2. Nf3 d6 3. d4 cxd4 4. Nxd4 Nf6 5. Nc3 g6 6. Be3 Bg7 7. f3 Nc6 8. Qd2 0-0 9. Bc4 Bd7 10. 0-0-0 Rc8 11. Bb3 Ne5 12. Kb1 b5 13. Ndxb5 a6 14. Nd4 Nc4 15. Bxc4 Rxc4 16. g4 Qb8 17. g5 Nh5 18. b3 Rfc8 19. Nd5 Kf8 20. Nb6 R4c7 21. Nxc8 Qxc8 22. c4 Qb7 23. Rc1 Kg8 24. Rhd1 Bf8 25. Ne2 Ng7 26. Nf4 Ne6 27. Nxe6 Bxe6 28. Ka1 Rc8 29. Bd4 Bd7 30. Bb2 Bc6 31. c5 e5 32. cxd6 1-0

[Event "Agzamov Memorial 17th"]
[Site "Tashkent"]
[Date "2024.03.28"]
[Round "2"]
[White "Khamdamova, Afruza"]
[Black "Magai, Vladimir"]
[Result "1/2-1/2"]
[WhiteElo "2327"]
[BlackElo "2521"]
[PlyCount "112"]
[EventDate "2024.03.27"]
[EventType "swiss"]
[EventRounds "10"]
[EventCountry "UZB"]
[SourceTitle "CB14_2024"]
[SourceDate "2024.04.01"]
[SourceVersion "1"]
[SourceVersionDate "2024.04.01"]
[SourceQuality "1"]

1. e4 e5 2. Nf3 Nc6 3. Bb5 a6 4. Ba4 Nf6 5. 0-0 Be7 6. d3 b5 7. Bb3 d6 8. c3 0-0 9. Re1 Na5 10. Bc2 c5 11. Nbd2 Nc6 12. Nf1 Re8 13. h3 h6 14. Ng3 Bf8 15. d4 cxd4 16. cxd4 exd4 17. Nxd4 Nxd4 18. Qxd4 Be6 19. Be3 Rc8 20. Qd2 Rc6 21. Bd4 Qc7 22. Bd3 Nd7 23. f4 Nc5 24. Bb1 f6 25. b4 Nd7 26. Bd3 Bc4 27. Nf5 Bxd3 28. Qxd3 Nb6 29. Ne3 Nc4 30. Nd5 Qf7 31. Rad1 f5 32. Bc3 fxe4 33. Rxe4 Nb6 34. Rxe8 Qxe8 35. Qf3 Nxd5 36. Qxd5+ Kh7 37. Re1 Qd7 38. Qd3+ Kg8 39. Qd5+ Kh7 40. Bd2 Rc8 41. Re6 Rc7 42. Kh2 Qc6 43. Qd3+ Kg8 44. f5 Rf7 45. Bf4 Qc4 46. Qxc4 bxc4 47. Bxd6 Bxd6+ 48. Rxd6 Rc7 49. Kg3 c3 50. Rd1 c2 51. Rc1 Rc4 52. Kf3 Kf7 53. Ke3 h5 54. Kd3 Rxb4 55. Rxc2 Ra4 56. Ke3 Kf6 1/2-1/2

[Event "Swiss Queens Wed #7"]
[Site "FIDE Online Arena INT"]
[Date "2024.03.13"]
[Round "6"]
[White "Goltseva, Ekaterina"]
[Black "Khamdamova, Afruza"]
[Result "1-0"]
[WhiteElo "2286"]
[BlackElo "2327"]
[PlyCount "145"]
[EventDate "2024.03.13"]
[EventType "swiss (blitz)"]
[EventRounds "11"]
[EventCountry "NET"]
[SourceTitle "CB12_2024"]
[SourceDate "2023.10.01"]
[SourceVersion "1"]
[SourceVersionDate "2023.10.01"]
[SourceQuality "1"]

1. d4 Nf6 2. c4 e6 3. Nc3 d5 4. Nf3 Be7 5. cxd5 exd5 6. Bf4 0-0 7. e3 c6 8. h3 Bf5 9. g4 Bg6 10. Ne5 Ne4 11. Nxg6 hxg6 12. Nxe4 dxe4 13. Bc4 Bb4+ 14. Kf1 Bd6 15. Bxd6 Qxd6 16. h4 Nd7 17. g5 b5 18. Bb3 c5 19. h5 c4 20. Bc2 Rfe8 21. Qg4 Qe6 22. Qh4 gxh5 23. Qxh5 Kf8 24. Rh4 f5 25. gxf6 Nxf6 26. Qg6 Rad8 27. Ke2 Qf7 28. Qg3 Rd5 29. Rg1 Ng8 30. Bxe4 Rd6 31. Rf4 Rf6 32. Rg4 Re7 33. Bg6 Qe6 34. Bc2 Qf7 35. Rg2 Nh6 36. Re4 Rxe4 37. Bxe4 Qe7 38. Qb8+ Qe8 39. Qxe8+ Kxe8 40. Rg6 Rxg6 41. Bxg6+ Ke7 42. Be4 Nf7 43. Bc6 Nd6 44. e4 b4 45. Ke3 a5 46. Ba4 Nc8 47. e5 Nb6 48. Bc2 Nd5+ 49. Ke4 Ke6 50. Bd1 Ne7 51. Bg4+ Kf7 52. d5 Ng6 53. f4 Ke7 54. d6+ Ke8 55. f5 Nf8 56. Kd4 Nd7 57. e6 Nf6 58. Be2 c3 59. bxc3 bxc3 60. Kxc3 Ne4+ 61. Kd4 Nxd6 62. Ke5 Ke7 63. Bd3 Ne8 64. a4 Nc7 65. Bb5 Ne8 66. Bxe8 Kxe8 67. Kd6 Kd8 68. Kd5 Ke7 69. Ke4 Kf6 70. Kf4 Ke7 71. Kg5 Ke8 72. Kg6 Kf8 73. Kh7 1-0

[Event "Tashkent (Women) 2nd"]
[Site "Tashkent"]
[Date "2024.03.11"]
[Round "8"]
[White "Khamdamova, Afruza"]
[Black "Shukhman, Anna"]
[Result "1/2-1/2"]
[WhiteElo "2327"]
[BlackElo "2258"]
[PlyCount "175"]
[EventDate "2024.03.06"]
[EventType "swiss"]
[EventRounds "9"]
[EventCountry "UZB"]
[SourceTitle "CB12_2024"]
[SourceDate "2023.10.01"]
[SourceVersion "1"]
[SourceVersionDate "2023.10.01"]
[SourceQuality "1"]

1. e4 c5 2. Nf3 e6 3. d4 cxd4 4. Nxd4 Nf6 5. Nc3 Nc6 6. Ndb5 Bb4 7. a3 Bxc3+ 8. Nxc3 d5 9. Bd3 dxe4 10. Nxe4 Nxe4 11. Bxe4 Qxd1+ 12. Kxd1 Bd7 13. Be3 f5 14. Bd3 Ne5 15. Be2 Ng4 16. Bd4 Bc6 17. Kc1 e5 18. Bxg4 exd4 19. Re1+ Kf7 20. Bxf5 Rhe8 21. Kd2 Bxg2 22. Bd7 Rxe1 23. Rxe1 Rd8 24. Be6+ Kf6 25. Bc4 Bh3 26. Bd3 h6 27. f4 Rd7 28. Re8 Be6 29. Rf8+ Ke7 30. Rb8 Kd6 31. Bg6 Bf7 32. Be4 Bd5 33. Kd3 Bc6 34. Rg8 Bxe4+ 35. Kxe4 Rc7 36. Kd3 Rf7 37. Rd8+ Kc6 38. Rxd4 g5 39. fxg5 hxg5 40. Re4 Rh7 41. Re2 Rh4 42. Rg2 b5 43. Ke3 a5 44. Kf2 Rc4 45. Kf3 Rf4+ 46. Ke3 Rh4 47. Kd3 Kb6 48. Ke3 Kc6 49. Kf3 Rf4+ 50. Kg3 Rc4 51. Rf2 Kb6 52. Rf6+ Kb7 53. Rf5 Kc6 54. Rf2 Kb6 55. h3 Kc6 56. Re2 Kb6 57. Re6+ Kb7 58. Re5 Kc6 59. c3 b4 60. Rxa5 bxc3 61. bxc3 Rxc3+ 62. Kg4 Kd6 63. a4 Ra3 64. Ra8 Ke7 65. a5 Kf6 66. a6 Ra4+ 67. Kf3 Kg7 68. Kg3 Kh7 69. Kf2 Ra3 70. a7 Kg7 71. Ke2 Kh7 72. Kd2 Kg7 73. Kc2 Kh7 74. Kb2 Ra6 75. Kc3 Kg7 76. Kc4 Ra1 77. Kd5 Ra6 78. Ke5 Ra5+ 79. Ke6 Ra6+ 80. Kd7 Ra1 81. Kc7 Rc1+ 82. Kd6 Ra1 83. Ke6 Ra6+ 84. Kf5 Ra5+ 85. Kg4 Kh7 86. Kh5 Kg7 87. h4 gxh4+ 88. Kxh4 1/2-1/2

[Event "Swiss Queens Wed #4"]
[Site "FIDE Online Arena INT"]
[Date "2024.02.21"]
[Round "7"]
[White "Priyanka, Nutakki"]
[Black "Khamdamova, Afruza"]
[Result "1/2-1/2"]
[WhiteElo "2272"]
[BlackElo "2327"]
[PlyCount "168"]
[EventDate "2024.02.21"]
[EventType "swiss (blitz)"]
[EventRounds "11"]
[EventCountry "NET"]
[SourceTitle "CB09_2024"]
[SourceDate "2024.02.28"]
[SourceVersion "1"]
[SourceVersionDate "2024.02.28"]
[SourceQuality "1"]

1. c4 e6 2. Nf3 d5 3. e3 Nf6 4. Nc3 c5 5. cxd5 exd5 6. d4 Nc6 7. Bb5 Bg4 8. 0-0 cxd4 9. exd4 Be7 10. h3 Bh5 11. Be2 0-0 12. Ne5 Bxe2 13. Nxe2 Rc8 14. a3 Bd6 15. Nxc6 Rxc6 16. Bg5 h6 17. Bh4 Bb8 18. Qd3 Re8 19. Rfe1 Rce6 20. Rac1 Qe7 21. Bxf6 Qxf6 22. Rc2 Qe7 23. Kf1 Qd6 24. g3 Re4 25. Rec1 Qe6 26. Ng1 a6 27. Kg2 Ba7 28. Nf3 Qf6 29. Rc7 Bxd4 30. Rxb7 Bxb2 31. Rcc7 Rf8 32. Qxd5 Re2 33. Qd3 Re6 34. Rc2 Be5 35. Re2 Rd6 36. Qe4 Bd4 37. Nxd4 Rxd4 38. Qe3 Qc6+ 39. Qf3 Qc4 40. Re3 Rd2 41. Rbe7 Qd4 42. Rxf7 Rxf7 43. Re8+ Kh7 44. Qxf7 Qd5+ 45. Qxd5 Rxd5 46. Re3 Kg6 47. h4 Kf5 48. Kf3 h5 49. Ke2 g6 50. Rb3 Rd6 51. Kf3 Rc6 52. a4 Rc4 53. Ra3 a5 54. Ke3 Rb4 55. f3 Rb1 56. Rd3 Ra1 57. Rd4 Ra3+ 58. Kf2 Ke5 59. Rc4 Ke6 60. Rf4 Ra2+ 61. Ke3 Ra3+ 62. Kf2 Ra2+ 63. Kg1 Ke5 64. Re4+ Kf5 65. Rc4 Kf6 66. Rc6+ Kg7 67. Rc4 Kh6 68. g4 hxg4 69. fxg4 Kg7 70. Rc7+ Kf6 71. Rc6+ Kf7 72. h5 gxh5 73. gxh5 Rxa4 74. h6 Kg8 75. Ra6 Ra2 76. Kf1 Kh7 77. Ke1 a4 78. Kd1 a3 79. Kc1 Ra1+ 80. Kc2 a2 81. Kb2 Rh1 82. Rxa2 Rh2+ 83. Kb3 Rxa2 84. Kxa2 Kxh6 1/2-1/2

[Event "Titled Tuesday intern op 13th Feb Early"]
[Site "Chess.com INT"]
[Date "2024.02.13"]
[Round "7"]
[White "Khamdamova, Afruza"]
[Black "Dyulgerov, Volen"]
[Result "1-0"]
[WhiteElo "2327"]
[BlackElo "2200"]
[PlyCount "43"]
[EventDate "2024.02.13"]
[EventType "swiss (blitz)"]
[EventRounds "11"]
[EventCountry "USA"]
[SourceTitle "CB08_2024"]
[SourceDate "2024.02.21"]
[SourceVersion "1"]
[SourceVersionDate "2024.02.21"]
[SourceQuality "1"]

1. e4 c5 2. Nf3 d6 3. d4 cxd4 4. Nxd4 Nf6 5. Nc3 a6 6. Be2 e5 7. Nb3 Be7 8. 0-0 0-0 9. Kh1 Re8 10. f4 Nc6 11. a4 Bf8 12. f5 h6 13. Be3 Nb4 14. Bc4 Nxe4 15. Bxf7+ Kxf7 16. Nxe4 Qh4 17. Nxd6+ Bxd6 18. Qxd6 Qe7 19. Qg6+ Kg8 20. f6 Qf7 21. Qg3 Nxc2 22. Rad1 1-0

[Event "Titled Tuesday intern op 13th Feb Early"]
[Site "Chess.com INT"]
[Date "2024.02.13"]
[Round "2"]
[White "Liu, Kelsey"]
[Black "Khamdamova, Afruza"]
[Result "0-1"]
[WhiteElo "1904"]
[BlackElo "2327"]
[PlyCount "110"]
[EventDate "2024.02.13"]
[EventType "swiss (blitz)"]
[EventRounds "11"]
[EventCountry "USA"]
[SourceTitle "CB08_2024"]
[SourceDate "2024.02.21"]
[SourceVersion "1"]
[SourceVersionDate "2024.02.21"]
[SourceQuality "1"]

1. d4 Nf6 2. c4 e6 3. Nf3 d5 4. g3 dxc4 5. Bg2 c5 6. 0-0 Nc6 7. dxc5 Qxd1 8. Rxd1 Bxc5 9. Nbd2 c3 10. bxc3 0-0 11. Nb3 Be7 12. Nfd4 Bd7 13. Bg5 Rfd8 14. Rd2 h6 15. Bf4 Rac8 16. Rad1 Nxd4 17. cxd4 Bc6 18. Bxc6 Rxc6 19. Na5 Rb6 20. Bc7 Rb4 21. Bxd8 Bxd8 22. Nb3 a5 23. f3 a4 24. Nc5 b6 25. Nd3 Rc4 26. Nb2 Rb4 27. a3 Rb3 28. Nxa4 Rxa3 29. Nb2 Nd5 30. Rd3 Ra2 31. Rb3 f5 32. e4 fxe4 33. fxe4 Nf6 34. e5 Nd5 35. h4 g5 36. hxg5 Bxg5 37. Kf2 Be7 38. Kf3 Kf7 39. Rc1 Bg5 40. Rc6 Ra5 41. Nc4 Ra1 42. Nxb6 Rf1+ 43. Kg2 Rd1 44. Rc4 Ne3+ 45. Rxe3 Bxe3 46. Rc8 Rxd4 47. Na8 Rd2+ 48. Kf3 Bd4 49. Ke4 Bb2 50. Nc7 Re2+ 51. Kf3 Rxe5 52. Na6 Rf5+ 53. Kg4 Be5 54. Rh8 Rg5+ 55. Kh4 Bxh8 0-1

[Event "Swiss Queens Wed #2"]
[Site "FIDE Online Arena INT"]
[Date "2024.02.07"]
[Round "1"]
[White "Aliaga Fernandez, Ingrid Yadira"]
[Black "Khamdamova, Afruza"]
[Result "0-1"]
[WhiteElo "2147"]
[BlackElo "2327"]
[PlyCount "94"]
[EventDate "2024.02.07"]
[EventType "swiss (blitz)"]
[EventRounds "11"]
[EventCountry "NET"]
[SourceTitle "CB07_2024"]
[SourceDate "2024.02.14"]
[SourceVersion "1"]
[SourceVersionDate "2024.02.14"]
[SourceQuality "1"]

1. e4 e5 2. Nf3 Nc6 3. d4 exd4 4. Nxd4 Nf6 5. Nxc6 bxc6 6. e5 Qe7 7. Qe2 Nd5 8. c4 Ba6 9. g3 f6 10. exf6 Qxe2+ 11. Bxe2 Nxf6 12. 0-0 Bc5 13. Kg2 0-0 14. Nd2 Rae8 15. Bd3 d5 16. Nf3 dxc4 17. Bc2 Ng4 18. h3 Rxf3 19. hxg4 Rf7 20. Bf4 h6 21. Rfe1 Rfe7 22. Rxe7 Rxe7 23. Bd1 Bd4 24. Rb1 g5 25. Bd2 c5 26. Bf3 Kg7 27. a3 Rd7 28. Bc3 Bxc3 29. bxc3 Rd3 30. Rc1 Bb5 31. Be4 Rd2 32. Rb1 a6 33. a4 Bxa4 34. Rb7 Rd7 35. Bf5 Re7 36. f3 Bc6 37. Ra7 Re2+ 38. Kf1 Bxf3 39. Rxc7+ Kf6 40. Rc6+ Bxc6 41. Kxe2 Ke5 42. Ke3 a5 43. Bh7 a4 44. Bg8 Bd5 45. Bh7 a3 46. Bb1 Bc6 47. Kf2 Ba4 0-1

[Event "Swiss Queens Wed #2"]
[Site "FIDE Online Arena INT"]
[Date "2024.02.07"]
[Round "2"]
[White "Khamdamova, Afruza"]
[Black "Babiy, Olga"]
[Result "0-1"]
[WhiteElo "2327"]
[BlackElo "2303"]
[PlyCount "98"]
[EventDate "2024.02.07"]
[EventType "swiss (blitz)"]
[EventRounds "11"]
[EventCountry "NET"]
[SourceTitle "CB07_2024"]
[SourceDate "2024.02.14"]
[SourceVersion "1"]
[SourceVersionDate "2024.02.14"]
[SourceQuality "1"]

1. e4 c6 2. d4 d5 3. Nc3 dxe4 4. Nxe4 Nf6 5. Qd3 Qd5 6. Nxf6+ exf6 7. c4 Qd8 8. Nf3 Be7 9. Be2 0-0 10. 0-0 Bg4 11. Bf4 Bh5 12. Rad1 Nd7 13. Rfe1 Re8 14. Qc3 Qb6 15. a3 Rac8 16. c5 Qd8 17. Nd2 Bxe2 18. Rxe2 Nf8 19. Nc4 b5 20. Ne3 Ne6 21. Bg3 g6 22. b4 Qd7 23. d5 cxd5 24. Nxd5 Kg7 25. Red2 Qc6 26. Nxe7 Rxe7 27. Rd6 Qe4 28. h3 h5 29. Qd3 Qxd3 30. R1xd3 g5 31. f3 h4 32. Bf2 Nf4 33. Rd1 Rcc7 34. Kf1 Re2 35. Re1 Ra2 36. Bd4 Nh5 37. Re3 Kg6 38. Rd3 Kg7 39. c6 Rc2 40. Bc5 Ra2 41. Re3 Ng3+ 42. Ke1 Nf5 43. Rb3 Nxd6 44. Bxd6 Rxc6 45. Bc5 Re6+ 46. Kd1 Kg6 47. Rd3 Rxg2 48. Rd7 Re5 49. Rxa7 Rf5 0-1

[Event "Swiss Queens Wed #2"]
[Site "FIDE Online Arena INT"]
[Date "2024.02.07"]
[Round "9"]
[White "Khamdamova, Afruza"]
[Black "Ismayil, Malak"]
[Result "0-1"]
[WhiteElo "2327"]
[BlackElo "2200"]
[PlyCount "90"]
[EventDate "2024.02.07"]
[EventType "swiss (blitz)"]
[EventRounds "11"]
[EventCountry "NET"]
[SourceTitle "CB07_2024"]
[SourceDate "2024.02.14"]
[SourceVersion "1"]
[SourceVersionDate "2024.02.14"]
[SourceQuality "1"]

1. e4 e5 2. Nf3 Nc6 3. Bb5 a6 4. Ba4 Nf6 5. 0-0 b5 6. Bb3 Be7 7. d4 d6 8. c3 0-0 9. h3 h6 10. Re1 Re8 11. Nbd2 Bf8 12. Bc2 g6 13. d5 Ne7 14. b3 Bg7 15. Bb2 c6 16. c4 Rb8 17. Rb1 c5 18. Nf1 Nh5 19. Ne3 Nf4 20. Kh2 Rf8 21. a3 f5 22. Qd2 fxe4 23. Bxe4 Nf5 24. Nxf5 Bxf5 25. Qc2 Qd7 26. Bxf5 Rxf5 27. Nd2 Rg5 28. g4 Nxh3 29. f3 Rf8 30. Re3 Nf2 31. Ne4 Nxe4 32. Qxe4 Rf4 33. Qd3 h5 34. Re4 Rxe4 35. Qxe4 hxg4 36. Bc1 Rh5+ 37. Kg2 gxf3+ 38. Qxf3 Rf5 39. Qg3 Qf7 40. Be3 e4 41. Qxd6 Bd4 42. Bxd4 cxd4 43. Qd8+ Kg7 44. Rb2 Rf1 45. Qh4 Qf3+ 0-1